<?xml version="1.0" encoding="UTF-8"?>
<record
    xmlns:xsi="http://www.w3.org/2001/XMLSchema-instance"
    xsi:schemaLocation="http://www.loc.gov/MARC21/slim http://www.loc.gov/standards/marcxml/schema/MARC21slim.xsd"
    xmlns="http://www.loc.gov/MARC21/slim">

  <leader>01472aab a2200217   4500</leader>
  <controlfield tag="001">768714001</controlfield>
  <controlfield tag="003">CO-MdFUSB</controlfield>
  <controlfield tag="005">20230111164017.0</controlfield>
  <controlfield tag="008">161108s1998    gt ||||| |||| 00| 0 spa d</controlfield>
  <datafield tag="022" ind1=" " ind2=" ">
    <subfield code="a">1014-9341</subfield>
  </datafield>
  <datafield tag="040" ind1=" " ind2=" ">
    <subfield code="a">CO-MdFUSB</subfield>
    <subfield code="b">spa</subfield>
    <subfield code="c">CO-MdFUSB</subfield>
    <subfield code="d">CO-MdFUSB</subfield>
  </datafield>
  <datafield tag="041" ind1=" " ind2=" ">
    <subfield code="a">spa</subfield>
  </datafield>
  <datafield tag="100" ind1="1" ind2=" ">
    <subfield code="a">Arias, Oscar</subfield>
    <subfield code="e">autor</subfield>
  </datafield>
  <datafield tag="245" ind1="1" ind2="0">
    <subfield code="a">Evaluaci&#xF3;n b&#xED;blico-teol&#xF3;gica del movimiento contempor&#xE1;neo de la guerra espiritual (segunda de dos partes)</subfield>
    <subfield code="c">/ Oscar Arias</subfield>
  </datafield>
  <datafield tag="300" ind1=" " ind2=" ">
    <subfield code="a">N&#xFA;mero 23 (Julio - Diciembre, 1998), p&#xE1;ginas 7-44</subfield>
    <subfield code="c">; 22 cm</subfield>
  </datafield>
  <datafield tag="520" ind1=" " ind2=" ">
    <subfield code="a">Una evaluaci&#xF3;n del movimiento de la guerra espiritual conduce a la conclusi&#xF3;n que sus doctrinas distintivas &#x2013; los esp&#xED;ritus territoriales y la trasmisi&#xF3;n de poder demon&#xED;aco mediante objetos, maldiciones y herencia &#x2013; y sus pr&#xE1;cticas centrales &#x2013; oraci&#xF3;n guerrera para atar demonios, di&#xE1;logos con demonios, liberaci&#xF3;n demon&#xED;aca para resolver una amplia gama de problemas  personales, y la cartograf&#xED;a espiritual &#x2013; carecen de un fundamento b&#xED;blico exeg&#xE9;tico serio. Adem&#xE1;s, el movimiento entra&#xF1;a problemas teol&#xF3;gicos, pastorales y misionol&#xF3;gicos. Por otro lado, sus maestros nos recuerdan la realidad de la posesi&#xF3;n demon&#xED;aca y la necesidad de recurrir a las armas espirituales para realizar la obra  de Dios.</subfield>
  </datafield>
  <datafield tag="546" ind1=" " ind2=" ">
    <subfield code="a">Texto en Espa&#xF1;ol</subfield>
  </datafield>
  <datafield tag="653" ind1=" " ind2=" ">
    <subfield code="a">Guerra espiritual</subfield>
  </datafield>
  <datafield tag="773" ind1="0" ind2=" ">
    <subfield code="t">Kair&#xF3;s</subfield>
    <subfield code="0">49489</subfield>
    <subfield code="9">61200</subfield>
    <subfield code="g">N&#xFA;mero 23 (Julio - Diciembre, 1998), p&#xE1;ginas 7-44</subfield>
    <subfield code="q">P&#xE1;gina 7</subfield>
  </datafield>
  <datafield tag="942" ind1=" " ind2=" ">
    <subfield code="c">ANA</subfield>
  </datafield>
  <datafield tag="999" ind1=" " ind2=" ">
    <subfield code="c">51214</subfield>
    <subfield code="d">51214</subfield>
  </datafield>
</record>
